000 00852nam a2200193 a 4500
008 120911s2008 ||||||||||||||||| || u
020 _a978-0-19-9204090
050 _aRC 961.6 EDD
100 _aEddleston, Michael
245 1 0 _aOxford handbook of tropical medicine: from common problems to rare diseases- the essential resource for clinicians in the tropics (3rd ed.)
_cby Michael Eddleston [and others]
250 _a3rd ed.
260 _aOxford:
_bOxford University Press
_c2008
300 _axxvii, 843p.: ill.
650 _aTROPICAL MEDICINE
650 _aTROPICAL MEDICINE--HANDBOOKS, MANUALS, ETC
700 _aDavidson, Robert
700 _aBrent, Andrew
995 _aMEDICAL LIBRARY OPEN ACCESS
_e901846
_FCBU-SCHOOL OF MEDICINE LIBRARY (Ndola)
_jOTL RC 961.6 EDD
_M1
_UAVAILABLE
_WOct 16, 2012
_y901846
_ZMedical Library Open Access Collection
999 _c32298
_d32298